Využitie kalkulácií na riadenie, resp. analýzu nákladov a zisku
Spôsob stanovenia nákladov pre jednotlivé typy nákladov. Alokácia nepriamych nákladov. Proces alokácie nákladov (alokačná fáza). Analýza ziskovosti. Zhrnutie a závery.
Saved in:
| Main Author: | |
|---|---|
| Format: | Book Chapter |
| Language: | Slovak |
| Subjects: | |
| Tags: |
No Tags, Be the first to tag this record!
|
MARC
| LEADER | 00000naa$a2200000$$$4500 | ||
|---|---|---|---|
| 001 | 0081530 | ||
| 005 | 20231103071022.1 | ||
| 041 | 0 | |a slo | |
| 044 | |a SK | ||
| 245 | 1 | 0 | |a Využitie kalkulácií na riadenie, resp. analýzu nákladov a zisku |c Libuše Šoljaková |
| 520 | |a Spôsob stanovenia nákladov pre jednotlivé typy nákladov. Alokácia nepriamych nákladov. Proces alokácie nákladov (alokačná fáza). Analýza ziskovosti. Zhrnutie a závery. | ||
| 610 | 2 | 0 | |a náklady |
| 610 | 2 | 0 | |a kalkulácia nákladov |
| 610 | 2 | 0 | |a alokácia nákladov |
| 610 | 2 | 0 | |a výkony podnikové |
| 610 | 2 | 0 | |a výnosy |
| 610 | 2 | 0 | |a materiál |
| 610 | 2 | 0 | |a výroba |
| 610 | 2 | 0 | |a správa podniku |
| 610 | 2 | 0 | |a riadenie |
| 610 | 2 | 0 | |a zisk |
| 100 | 1 | |a Šoljaková, Libuše | |